Manual para operaciones bancarias y financieras / (Registro nro. 12018)

Detalles MARC
000 -LEADER
fixed length control field 00911nam a2200265Ia 4500
003 - CONTROL NUMBER IDENTIFIER
control field OSt
005 - DATE AND TIME OF LATEST TRANSACTION
control field 20210728143535.0
008 - FIXED-LENGTH DATA ELEMENTS--GENERAL INFORMATION
fixed length control field 210310s1990 ar gr 000 0 spa d
020 ## - INTERNATIONAL STANDARD BOOK NUMBER
International Standard Book Number 9502005781
040 ## - CATALOGING SOURCE
Original cataloging agency CO-JMCR
Transcribing agency CO-JMCR
041 0# - LANGUAGE CODE
Language code of text/sound track or separate title spa
082 04 - DEWEY DECIMAL CLASSIFICATION NUMBER
Classification number 332.1 /
Item number B644m
Edition number 23
100 1# - MAIN ENTRY--PERSONAL NAME
Personal name Bonilli Shaw, Carlos,
Relator term autor
9 (RLIN) 27061
245 10 - TITLE STATEMENT
Title Manual para operaciones bancarias y financieras /
Statement of responsibility, etc. Carlos Bollini Shaw, Eduardo J. Boneo Villegas
250 ## - EDITION STATEMENT
Edition statement Tercera edición
260 ## - PUBLICATION, DISTRIBUTION, ETC.
Place of publication, distribution, etc. Buenos Aires, Argentina :
Name of publisher, distributor, etc. Abeledo - Perrot,
Date of publication, distribution, etc. 1990.
300 ## - PHYSICAL DESCRIPTION
Extent 475 páginas ;
Dimensions 23 cm.
504 ## - BIBLIOGRAPHY, ETC. NOTE
Bibliography, etc. note Bibliografía : páginas 463-468.
505 ## - FORMATTED CONTENTS NOTE
Formatted contents note El sistema financiero. -- La contratación bancaria.
650 14 - SUBJECT ADDED ENTRY--TOPICAL TERM
Topical term or geographic name entry element Cuentas corrientes
9 (RLIN) 38842
650 24 - SUBJECT ADDED ENTRY--TOPICAL TERM
Topical term or geographic name entry element Depósitos bancarios
9 (RLIN) 38843
650 24 - SUBJECT ADDED ENTRY--TOPICAL TERM
Topical term or geographic name entry element Comodato bancario
9 (RLIN) 38844
700 1# - ADDED ENTRY--PERSONAL NAME
Personal name Boneo Villegas, Eduardo J.,
Relator term autor
9 (RLIN) 38845
942 ## - ADDED ENTRY ELEMENTS (KOHA)
Source of classification or shelving scheme Dewey Decimal Classification
Koha item type Books
Existencias
Withdrawn status Lost status Source of classification or shelving scheme Damaged status Not for loan Home library Current library Shelving location Date acquired Source of acquisition Full call number Barcode Date last seen Copy number Price effective from Koha item type
    Dewey Decimal Classification     Biblioteca Pública José María del Castillo y Rada Biblioteca Pública José María del Castillo y Rada General Stacks 04/15/2018 Donación 332.1 / B644m 430002323 05/16/2024 Ej.1 03/10/2021 Books